| 000 | 00755nam a2200193 a 4500 | ||
|---|---|---|---|
| 005 | 20140412111233.0 | ||
| 008 | 010522s19uu xx 00 eng d | ||
| 020 | _a0-394-88866-9 | ||
| 050 |
_aTR(GS 937.7 _bK86 1987 |
||
| 100 | _aKunhardt, Edith | ||
| 245 |
_aPompeii . . . buried alive! / _cby Edith Kunhardt; illustrated by Michael Eagle. |
||
| 260 |
_aNew York : _bRandom House, _c1987. |
||
| 300 | _a48p. ; ill. | ||
| 440 | _aStep into Reading, A Step 3 book | ||
| 520 | _aA simple retelling of the fateful days in A.D. 79 when mount Vesuvius erupted and the people in the ancient town Pompeii perished. | ||
| 650 | _aPompeii (Ancient city)-Juvenile literature | ||
| 650 | _aVesuvius (Italy)-Eruption, 79-Juvenile literature | ||
| 999 |
_c102254 _d102254 |
||